[Event "WYCC Open U12"]
[Site "Porto Carras"]
[Date "2015.10.25"]
[Round "1.7"]
[White "Sahidi, Samir"]
[Black "Gomez Barrera, Gonzalo Andres"]
[Result "1-0"]
[WhiteElo "2244"]
[BlackElo "1756"]
[PlyCount "95"]
[EventDate "2015.??.??"]
[WhiteClock "0:34:00"]
[BlackClock "0:52:40"]

1. e4 e5 2. Nf3 Nc6 3. Bb5 a6 4. Ba4 Nf6 5. d3 b5 6. Bb3 Be7 7. O-O d6 8. c3
O-O 9. d4 Bg4 10. d5 Na5 11. Bc2 Nb7 12. h3 Bh5 13. Nbd2 Qd7 14. Re1 c5 15.
dxc6 Qxc6 16. Nf1 Nc5 17. Bg5 Bg6 18. Ng3 h6 19. Bxf6 Bxf6 20. Qd2 Rfd8 21.
Rad1 Rac8 22. Qd5 Kf8 23. Nf1 Qxd5 24. Rxd5 Ne6 25. Ne3 Nf4 26. Rd2 Be7 27.
Red1 Bh5 28. Ng4 Bxg4 29. hxg4 Ne6 30. g3 Rc4 31. Re2 Rc6 32. Kg2 Nc5 33. Red2
Ke8 34. Rd5 Nb7 35. Ne1 Rc5 36. R5d2 a5 37. a4 Bg5 38. Re2 bxa4 39. Bxa4+ Ke7
40. Bb3 Rc7 41. Bd5 Nc5 42. Ra1 a4 43. Nc2 Nd3 44. Nb4 Nxb4 45. cxb4 Ra7 46. b5
Rb8 47. Bc6 Rb6 48. Rc2 1-0

[Event "WYCC Open U12"]
[Site "Porto Carras"]
[Date "2015.10.25"]
[Round "1.8"]
[White "Abelakiotis, Stavros"]
[Black "Peng, David T"]
[Result "1/2-1/2"]
[WhiteElo "1755"]
[BlackElo "2231"]
[PlyCount "96"]
[EventDate "2015.??.??"]
[WhiteClock "0:13:45"]
[BlackClock "0:07:12"]

1. e4 c5 2. Nf3 d6 3. Bb5+ Nd7 4. O-O a6 5. Bd3 g6 6. c3 Bg7 7. Bc2 Ngf6 8. d4
O-O 9. Re1 e5 10. a4 Qc7 11. h3 Re8 12. dxe5 dxe5 13. Be3 Nf8 14. Nbd2 Bd7 15.
a5 Bb5 16. b4 Ne6 17. Ba4 Nd7 18. Rc1 Nf4 19. Bxb5 axb5 20. Bxf4 exf4 21. Nb3
Qc6 22. Qc2 b6 23. axb6 c4 24. Nbd4 Qxb6 25. Ra1 Qb7 26. Rxa8 Rxa8 27. e5 Re8
28. Qe4 Qxe4 29. Rxe4 Nxe5 30. Nxe5 f5 31. Re1 Rxe5 32. Rxe5 Bxe5 33. Nxb5 Kf7
34. Na3 Bxc3 35. b5 Ke6 36. Nxc4 Kd5 37. Nb6+ Kd6 38. Kf1 Bd4 39. Na4 Kd5 40.
b6 Kc6 41. Ke2 Bxb6 42. Nxb6 Kxb6 43. h4 h6 44. h5 g5 45. Kd3 Kc5 46. Kc3 Kd5
47. Kd3 Ke5 48. f3 g4 {Ke4+} 1/2-1/2

[Event "WYCC Open U12"]
[Site "Porto Carras"]
[Date "2015.10.25"]
[Round "1.9"]
[White "Gavrilescu, David"]
[Black "Cheikh-Boukal, Ziyad"]
[Result "1-0"]
[WhiteElo "2208"]
[BlackElo "1754"]
[PlyCount "75"]
[EventDate "2015.??.??"]
[WhiteClock "0:03:40"]
[BlackClock "0:00:55"]

1. d4 Nf6 2. Nf3 g6 3. Nbd2 Bg7 4. e4 d6 5. Bd3 O-O 6. O-O Nbd7 7. e5 dxe5 8.
dxe5 Nd5 9. Re1 e6 10. Nb3 h6 11. c3 c5 12. Bc4 N5b6 13. Bf1 Qc7 14. Qe2 Nd5
15. a4 b6 16. Nbd2 Rd8 17. Nc4 Ba6 18. Qe4 Bxc4 19. Bxc4 Ne7 20. h4 Nc6 21. Bf4
a6 22. Bf1 Rdb8 23. b4 Ne7 24. b5 a5 25. Bc4 Qb7 26. Qe3 Kh7 27. Rad1 Rd8 28.
h5 g5 29. Bd3+ Nf5 30. Bh2 Kh8 31. Qe2 Rac8 32. Be4 Qc7 33. Bxf5 exf5 34. e6 f4
35. Rxd7 Rxd7 36. exd7 Qxd7 37. Ne5 Qd6 38. Nxf7+ 1-0

[Event "WYCC Open U12"]
[Site "Porto Carras"]
[Date "2015.10.25"]
[Round "1.11"]
[White "Bjerre, Jonas"]
[Black "Misyura, Ilya"]
[Result "1-0"]
[WhiteElo "2193"]
[BlackElo "1751"]
[PlyCount "113"]
[EventDate "2015.??.??"]
[WhiteClock "0:36:45"]
[BlackClock "0:46:51"]

1. e4 e6 2. d4 d5 3. Nd2 Nf6 4. e5 Nfd7 5. Bd3 c5 6. c3 Nc6 7. Ne2 cxd4 8. cxd4
f6 9. exf6 Qxf6 10. Nf3 h6 11. O-O Bd6 12. Ng3 O-O 13. Bc2 Rf7 14. Nh5 Qd8 15.
Bg6 Re7 16. Bf4 Nf8 17. Qd3 Rc7 18. g3 b6 19. Bxd6 Qxd6 20. Nf4 a5 21. Qe3 Bd7
22. Rac1 Rac8 23. Bb1 Be8 24. Rfe1 Bf7 25. h4 Qd8 26. Kg2 Qf6 27. g4 Nxd4 28.
Rxc7 Nxf3 29. Rxc8 Nxe1+ 30. Kg3 e5 31. Nh3 Be6 32. Rxf8+ Kxf8 33. Qxe1 e4 34.
Qe2 Qe5+ 35. Kg2 h5 36. gxh5 Bxh3+ 37. Kxh3 Qf5+ 38. Kg2 Qf4 39. f3 Qxh4 40.
fxe4 Qg5+ 41. Kh3 Qc1 42. Qf3+ Ke7 43. Bd3 dxe4 44. Qxe4+ Kf8 45. Qf5+ Ke7 46.
Qe5+ Kf8 47. Qd6+ Kg8 48. Qd8+ Kf7 49. Bg6+ Ke6 50. Qxb6+ Ke7 51. Qb7+ Kd6 52.
Qg2 Qc8+ 53. Kh2 Ke7 54. Qe4+ Kd6 55. Qd4+ Ke7 56. Qe5+ Kf8 57. Qf5+ 1-0

[Event "WYCC Open U12"]
[Site "Porto Carras"]
[Date "2015.10.25"]
[Round "1.12"]
[White "Pulfer, Luke"]
[Black "Henderson De La Fuente, Lance"]
[Result "0-1"]
[WhiteElo "1750"]
[BlackElo "2180"]
[PlyCount "72"]
[EventDate "2015.??.??"]
[WhiteClock "0:03:37"]
[BlackClock "0:15:03"]

1. d4 Nf6 2. c4 e6 3. Nc3 Bb4 4. Nf3 b6 5. Bg5 Bb7 6. Nd2 h6 7. Bh4 O-O 8. e4
g5 9. Bg3 Nxe4 10. Ncxe4 Bxe4 11. h4 Nc6 12. a3 Bxd2+ 13. Qxd2 Qf6 14. O-O-O g4
15. Qe3 d5 16. Be2 Bh7 17. Bf4 Na5 18. Be5 Qxf2 19. Rd3 Qxe3+ 20. Rxe3 Nxc4 21.
Bxc4 dxc4 22. Bxc7 Rac8 23. Be5 Rfd8 24. h5 Bf5 25. Rd1 Rd5 26. Rg3 b5 27. Kd2
Rcd8 28. Bf6 R8d7 29. Kc3 a5 30. Re3 Bd3 31. Re5 Rxe5 32. dxe5 Rd5 33. g3 Kh7
34. Rd2 Rd7 35. Rf2 Be4 36. Rd2 b4+ {Kd4} 0-1

[Event "WYCC Open U12"]
[Site "Porto Carras"]
[Date "2015.10.26"]
[Round "2.1"]
[White "Geshko, Aleksey"]
[Black "Abdusattorov, Nodirbek"]
[Result "0-1"]
[BlackElo "2432"]
[WhiteElo "1976"]
[LiveChessVersion "1.4.6"]

1. e4 {[%clk 1:30:55]} c5 {[%clk 1:30:51]} 2. Nf3 {[%clk 1:31:12]} d6
{[%clk 1:31:15]} 3. d4 {[%clk 1:31:37]} cxd4 {[%clk 1:31:39]} 4. Nxd4
{[%clk 1:32:02]} Nf6 {[%clk 1:32:02]} 5. Nc3 {[%clk 1:32:25]} a6 {[%clk 1:32:24]}
6. Bg5 {[%clk 1:32:43]} Nbd7 {[%clk 1:32:41]} 7. Qe2 {[%clk 1:31:58]} h6
{[%clk 1:31:34]} 8. Be3 {[%clk 1:21:24]} e6 {[%clk 1:31:50]} 9. a4
{[%clk 1:12:36]} Qc7 {[%clk 1:30:07]} 10. g4 {[%clk 1:00:47]} b6 {[%clk 1:29:30]}
11. Bg2 {[%clk 0:57:09]} Bb7 {[%clk 1:29:29]} 12. f4 {[%clk 0:51:18]} Nc5
{[%clk 1:27:07]} 13. Bf2 {[%clk 0:48:57]} g5 {[%clk 1:20:19]} 14. fxg5
{[%clk 0:44:36]} hxg5 {[%clk 1:20:36]} 15. Bg3 {[%clk 0:43:48]} Nfd7
{[%clk 1:17:15]} 16. Nf3 {[%clk 0:35:31]} Be7 {[%clk 1:11:15]} 17. Qe3
{[%clk 0:32:58]} Ne5 {[%clk 1:06:26]} 18. Nxe5 {[%clk 0:28:33]} dxe5
{[%clk 1:06:30]} 19. Qf3 {[%clk 0:27:08]} f6 {[%clk 1:05:09]} 20. O-O
{[%clk 0:26:16]} O-O-O {[%clk 1:05:22]} 21. Rfd1 {[%clk 0:24:25]} Qc6
{[%clk 1:04:28]} 22. b4 {[%clk 0:22:39]} Rxd1+ {[%clk 1:04:45]} 23. Nxd1
{[%clk 0:18:35]} Nxe4 {[%clk 1:00:58]} 24. Nf2 {[%clk 0:17:22]} Nxg3
{[%clk 1:00:14]} 25. Qxc6+ {[%clk 0:16:59]} Bxc6 {[%clk 1:00:36]} 26. Bxc6
{[%clk 0:16:10]} Ne2+ {[%clk 1:00:58]} 27. Kg2 {[%clk 0:15:32]} Nf4+
{[%clk 1:01:15]} 28. Kg1 {[%clk 0:15:28]} Bxb4 {[%clk 1:01:34]} 29. Nd3
{[%clk 0:15:26]} Bc3 {[%clk 1:01:36]} 30. Rb1 {[%clk 0:15:12]} Nd5
{[%clk 1:01:15]} 31. Rf1 {[%clk 0:14:57]} Bd4+ {[%clk 1:01:26]} 32. Kh1
{[%clk 0:15:10]} Ne3 {[%clk 1:01:43]} 0-1

[Event "WYCC Open U12"]
[Site "Porto Carras"]
[Date "2015.10.26"]
[Round "2.2"]
[White "Weishaeutel, Moritz"]
[Black "Firouzja, Alireza"]
[Result "0-1"]
[BlackElo "2364"]
[WhiteElo "1962"]
[LiveChessVersion "1.4.6"]

1. e4 {[%clk 1:30:56]} c5 {[%clk 1:30:55]} 2. Nf3 {[%clk 1:31:19]} d6
{[%clk 1:31:20]} 3. d4 {[%clk 1:31:40]} cxd4 {[%clk 1:31:46]} 4. Nxd4
{[%clk 1:32:05]} Nf6 {[%clk 1:32:09]} 5. Nc3 {[%clk 1:32:33]} a6 {[%clk 1:32:33]}
6. Bc4 {[%clk 1:32:56]} e6 {[%clk 1:32:46]} 7. a4 {[%clk 1:33:21]} Nc6
{[%clk 1:28:50]} 8. O-O {[%clk 1:33:20]} Be7 {[%clk 1:28:59]} 9. Be3
{[%clk 1:33:02]} O-O {[%clk 1:28:24]} 10. Qe2 {[%clk 1:32:51]} Bd7
{[%clk 1:27:20]} 11. Rad1 {[%clk 1:31:42]} Qc7 {[%clk 1:27:33]} 12. f4
{[%clk 1:30:36]} Rac8 {[%clk 1:27:57]} 13. Ba2 {[%clk 1:29:00]} Nxd4
{[%clk 1:25:56]} 14. Bxd4 {[%clk 1:28:16]} e5 {[%clk 1:24:13]} 15. fxe5
{[%clk 1:05:32]} dxe5 {[%clk 1:24:34]} 16. Bxe5 {[%clk 1:03:50]} Qxe5
{[%clk 1:24:09]} 17. Rxf6 {[%clk 1:04:11]} Qxf6 {[%clk 1:24:15]} 18. Rxd7
{[%clk 1:04:19]} Qb6+ {[%clk 1:24:19]} 19. Kh1 {[%clk 1:00:55]} Qxb2
{[%clk 1:23:56]} 20. Rxe7 {[%clk 1:00:11]} Qxc3 {[%clk 1:22:58]} 0-1

[Event "WYCC Open U12"]
[Site "Porto Carras"]
[Date "2015.10.26"]
[Round "2.3"]
[White "Keymer, Vincent"]
[Black "Huang, Andy"]
[Result "1-0"]
[BlackElo "1965"]
[WhiteElo "2347"]
[LiveChessVersion "1.4.6"]

1. d4 {[%clk 1:30:58]} d5 {[%clk 1:30:57]} 2. c4 {[%clk 1:31:22]} c6
{[%clk 1:31:22]} 3. Nf3 {[%clk 1:31:48]} Nf6 {[%clk 1:31:48]} 4. Nc3
{[%clk 1:32:14]} e6 {[%clk 1:32:11]} 5. e3 {[%clk 1:32:40]} Nbd7 {[%clk 1:32:35]}
6. Qc2 {[%clk 1:33:06]} Bd6 {[%clk 1:32:40]} 7. Bd3 {[%clk 1:33:30]} O-O
{[%clk 1:32:16]} 8. O-O {[%clk 1:33:57]} b6 {[%clk 1:30:48]} 9. e4
{[%clk 1:31:23]} dxe4 {[%clk 1:31:04]} 10. Nxe4 {[%clk 1:31:47]} Be7
{[%clk 1:31:30]} 11. Bf4 {[%clk 1:29:32]} Bb7 {[%clk 1:29:01]} 12. Nd6
{[%clk 1:26:35]} Qc7 {[%clk 1:23:57]} 13. c5 {[%clk 1:26:51]} Rad8
{[%clk 1:23:32]} 14. Bg3 {[%clk 1:26:18]} e5 {[%clk 1:18:13]} 15. Nf5
{[%clk 1:24:26]} Rfe8 {[%clk 1:11:59]} 16. dxe5 {[%clk 1:24:09]} Nh5
{[%clk 1:12:00]} 17. cxb6 {[%clk 1:24:09]} axb6 {[%clk 1:11:12]} 18. e6
{[%clk 1:23:03]} Nxg3 {[%clk 1:11:32]} 19. exd7 {[%clk 1:23:26]} Qxd7
{[%clk 1:11:44]} 20. Nxe7+ {[%clk 1:23:50]} Rxe7 {[%clk 1:12:08]} 21. hxg3
{[%clk 1:24:01]} Qxd3 {[%clk 1:12:28]} 22. Rad1 {[%clk 1:24:16]} Ba6
{[%clk 1:12:46]} 23. Rxd3 {[%clk 1:24:41]} Bxd3 {[%clk 1:13:12]} 24. Rd1
{[%clk 1:24:33]} Red7 {[%clk 1:13:36]} 25. Qc3 {[%clk 1:24:57]} f6
{[%clk 1:13:36]} 26. Qxc6 1-0

[Event "WYCC Open U12"]
[Site "Porto Carras"]
[Date "2015.10.26"]
[Round "2.4"]
[White "Aydincelebi, Kagan"]
[Black "Karaahmetoglu, Ege"]
[Result "1/2-1/2"]
[BlackElo "1959"]
[WhiteElo "2247"]
[LiveChessVersion "1.4.6"]

1. e4 {[%clk 1:30:50]} e5 {[%clk 1:30:52]} 2. Nf3 {[%clk 1:31:13]} Nc6
{[%clk 1:31:18]} 3. Nc3 {[%clk 1:31:32]} Nf6 {[%clk 1:31:39]} 4. d4
{[%clk 1:31:57]} Bb4 {[%clk 1:31:29]} 5. Nxe5 {[%clk 1:32:11]} O-O
{[%clk 1:30:13]} 6. Bd3 {[%clk 1:29:46]} Nxd4 {[%clk 1:29:55]} 7. O-O
{[%clk 1:29:59]} d6 {[%clk 1:27:11]} 8. Nc4 {[%clk 1:30:02]} Re8 {[%clk 1:25:36]}
9. Nd5 {[%clk 1:22:31]} Nxd5 {[%clk 1:08:38]} 10. exd5 {[%clk 1:22:51]} Nf5 11.
c3 {[%clk 1:17:36]} Bc5 {[%clk 1:07:10]} 12. b4 {[%clk 1:17:16]} Bb6
{[%clk 1:07:35]} 13. a4 {[%clk 1:16:24]} a6 {[%clk 0:52:45]} 14. Nxb6
{[%clk 1:14:48]} cxb6 15. Qh5 {[%clk 0:59:22]} Qf6 {[%clk 0:29:07]} 16. Bd2
{[%clk 0:52:32]} Bd7 {[%clk 0:26:33]} 17. Rfe1 {[%clk 0:49:05]} h6
{[%clk 0:24:24]} 18. Qf3 {[%clk 0:45:03]} Rac8 {[%clk 0:19:59]} 19. Qf4
{[%clk 0:38:53]} Re5 {[%clk 0:12:05]} 20. Rxe5 {[%clk 0:30:35]} dxe5
{[%clk 0:10:25]} 21. Qg4 {[%clk 0:28:25]} Rd8 {[%clk 0:08:46]} 22. Qf3
{[%clk 0:27:41]} Bc8 {[%clk 0:06:32]} 23. Re1 {[%clk 0:25:12]} Ne7
{[%clk 0:05:31]} 24. Qxf6 {[%clk 0:24:48]} gxf6 {[%clk 0:05:59]} 25. c4
{[%clk 0:24:26]} b5 {[%clk 0:04:59]} 26. axb5 {[%clk 0:24:02]} axb5
{[%clk 0:05:25]} 27. Bxh6 {[%clk 0:23:48]} bxc4 {[%clk 0:05:48]} 28. Bxc4
{[%clk 0:23:33]} Nxd5 {[%clk 0:05:01]} 29. Rd1 {[%clk 0:22:41]} Be6
{[%clk 0:05:25]} 30. h4 {[%clk 0:20:01]} Rd7 {[%clk 0:04:56]} 31. b5
{[%clk 0:19:14]} Nb6 {[%clk 0:01:48]} 32. Rxd7 {[%clk 0:19:23]} Bxd7
{[%clk 0:02:17]} 33. Bd3 {[%clk 0:17:36]} Nd5 {[%clk 0:01:54]} 34. Be3
{[%clk 0:15:53]} f5 {[%clk 0:01:40]} 35. b6 {[%clk 0:15:20]} f4 {[%clk 0:00:58]}
36. Bc5 {[%clk 0:14:48]} Nc3 {[%clk 0:01:00]} 37. Bd6 {[%clk 0:13:46]} f6
{[%clk 0:00:46]} 38. h5 {[%clk 0:12:47]} Bc6 {[%clk 0:00:49]} 39. Bf5
{[%clk 0:09:36]} Kg7 {[%clk 0:00:44]} 40. Kh2 {[%clk 0:38:14]} Nd5
{[%clk 0:30:32]} 41. Bc5 {[%clk 0:36:17]} Nc3 {[%clk 0:28:31]} 42. Bd6
{[%clk 0:34:08]} Nd5 {[%clk 0:26:06]} 43. Bc5 {[%clk 0:26:27]} Nc3
{[%clk 0:26:07]} 44. Kh3 {[%clk 0:23:06]} Ne4 {[%clk 0:13:42]} 1/2-1/2

[Event "WYCC Open U12"]
[Site "Porto Carras"]
[Date "2015.10.26"]
[Round "2.5"]
[White "Chen, Justin"]
[Black "Sahidi, Samir"]
[Result "1/2-1/2"]
[BlackElo "2244"]
[WhiteElo "1957"]
[LiveChessVersion "1.4.6"]

1. Nf3 {[%clk 1:30:56]} Nf6 {[%clk 1:29:53]} 2. c4 {[%clk 1:31:12]} d6
{[%clk 1:29:37]} 3. Nc3 {[%clk 1:31:27]} g6 {[%clk 1:29:26]} 4. g3
{[%clk 1:31:04]} Bg7 {[%clk 1:27:54]} 5. Bg2 {[%clk 1:30:40]} O-O
{[%clk 1:26:26]} 6. O-O {[%clk 1:29:40]} c6 {[%clk 1:24:11]} 7. d4
{[%clk 1:29:52]} Bg4 {[%clk 1:23:05]} 8. Qb3 {[%clk 1:21:20]} Bxf3
{[%clk 1:21:06]} 9. Bxf3 {[%clk 1:21:21]} Qc7 {[%clk 1:20:33]} 10. Bg2
{[%clk 1:10:39]} Nbd7 {[%clk 1:16:49]} 11. Rd1 {[%clk 1:04:40]} Rad8
{[%clk 1:12:03]} 12. e4 {[%clk 0:57:53]} e5 {[%clk 1:07:03]} 13. h3
{[%clk 0:56:48]} exd4 {[%clk 1:06:14]} 14. Rxd4 {[%clk 0:57:05]} Nc5
{[%clk 1:05:49]} 15. Qc2 {[%clk 0:57:23]} Ne6 {[%clk 1:05:16]} 16. Rd1
{[%clk 0:56:59]} h5 {[%clk 1:00:54]} 17. Be3 {[%clk 0:55:23]} h4 {[%clk 0:58:32]}
18. g4 {[%clk 0:53:34]} g5 {[%clk 0:57:44]} 19. Qd2 {[%clk 0:51:46]} Nh7
{[%clk 0:56:27]} 20. Ne2 {[%clk 0:49:12]} Be5 {[%clk 0:54:04]} 21. f4
{[%clk 0:39:13]} gxf4 {[%clk 0:53:32]} 22. Nxf4 {[%clk 0:39:29]} Nxf4
{[%clk 0:52:31]} 23. Bxf4 {[%clk 0:39:57]} Bxf4 {[%clk 0:50:27]} 24. Qxf4
{[%clk 0:40:24]} Qe7 {[%clk 0:50:05]} 25. Rd2 {[%clk 0:37:16]} Rd7
{[%clk 0:45:47]} 26. Rad1 {[%clk 0:36:40]} Rfd8 {[%clk 0:45:39]} 27. Qe3
{[%clk 0:25:58]} a6 {[%clk 0:41:10]} 28. Qc3 {[%clk 0:23:14]} Nf8
{[%clk 0:38:55]} 29. b4 {[%clk 0:20:47]} Ng6 {[%clk 0:37:06]} 30. a4
{[%clk 0:20:10]} Qe5 {[%clk 0:37:03]} 31. Qf3 {[%clk 0:17:27]} Qe6
{[%clk 0:31:25]} 32. Rc2 {[%clk 0:15:15]} a5 {[%clk 0:29:00]} 33. b5
{[%clk 0:14:37]} Kg7 {[%clk 0:27:37]} 34. Qc3+ {[%clk 0:12:18]} Ne5
{[%clk 0:27:39]} 35. bxc6 {[%clk 0:10:20]} bxc6 {[%clk 0:27:16]} 36. Qxa5
{[%clk 0:09:29]} Rb8 {[%clk 0:26:45]} 37. Qc3 {[%clk 0:07:38]} Ra7
{[%clk 0:25:35]} 38. a5 {[%clk 0:05:35]} Rba8 {[%clk 0:22:34]} 39. Ra1
{[%clk 0:05:38]} Qf6 {[%clk 0:22:05]} 40. Rf2 {[%clk 0:33:42]} Qd8
{[%clk 0:51:06]} 41. Rfa2 {[%clk 0:29:21]} f6 {[%clk 0:49:42]} 42. c5
{[%clk 0:26:59]} Qe7 {[%clk 0:47:35]} 43. cxd6 {[%clk 0:27:05]} Qxd6
{[%clk 0:47:55]} 44. Kh1 {[%clk 0:23:05]} Rd8 {[%clk 0:46:20]} 45. Qe1
{[%clk 0:20:35]} Ng6 {[%clk 0:46:07]} 46. Qe3 {[%clk 0:20:15]} Qd4
{[%clk 0:43:26]} 47. Qf3 {[%clk 0:17:56]} c5 {[%clk 0:42:26]} 48. Ra4
{[%clk 0:14:23]} c4 {[%clk 0:41:05]} 49. Rc1 {[%clk 0:11:42]} Ne5
{[%clk 0:40:35]} 50. Qf5 {[%clk 0:09:38]} Qd7 {[%clk 0:35:45]} 51. Rf1
{[%clk 0:04:29]} Qxf5 {[%clk 0:34:52]} 52. exf5 {[%clk 0:04:29]} Rc8
{[%clk 0:34:09]} 53. Rc1 {[%clk 0:03:47]} c3 {[%clk 0:32:44]} 54. Ra3 c2
{[%clk 0:31:58]} 55. Ra2 {[%clk 0:01:06]} Nd3 {[%clk 0:31:15]} 56. Rcxc2
{[%clk 0:01:17]} Rxc2 {[%clk 0:31:31]} 57. Rxc2 {[%clk 0:01:44]} Rxa5
{[%clk 0:31:54]} 58. Rd2 {[%clk 0:02:01]} Ne5 {[%clk 0:31:07]} 59. Kh2
{[%clk 0:02:25]} Kh6 {[%clk 0:31:09]} 60. Rb2 {[%clk 0:02:41]} Kg5
{[%clk 0:29:10]} 61. Rd2 {[%clk 0:02:55]} Rc5 {[%clk 0:26:36]} 62. Rb2
{[%clk 0:02:58]} Kf4 {[%clk 0:25:26]} 63. Ra2 {[%clk 0:02:59]} Rb5
{[%clk 0:24:50]} 64. Rc2 {[%clk 0:03:15]} Rb4 {[%clk 0:23:58]} 65. Rf2+
{[%clk 0:03:10]} Kg5 {[%clk 0:22:33]} 66. Ra2 {[%clk 0:03:24]} Rd4
{[%clk 0:19:48]} 67. Rc2 {[%clk 0:03:43]} Nc4 {[%clk 0:19:47]} 68. Ra2
{[%clk 0:03:58]} Ne5 {[%clk 0:18:05]} 69. Rc2 {[%clk 0:04:07]} Rd1
{[%clk 0:15:36]} 70. Ra2 {[%clk 0:04:22]} Rd7 {[%clk 0:14:43]} 71. Rc2
{[%clk 0:04:48]} Rd3 {[%clk 0:14:38]} 72. Ra2 {[%clk 0:05:13]} Rc3
{[%clk 0:13:22]} 73. Rb2 {[%clk 0:05:35]} Nc4 {[%clk 0:12:43]} 74. Ra2
{[%clk 0:06:00]} Ne5 {[%clk 0:11:19]} 75. Rb2 {[%clk 0:06:18]} Kf4
{[%clk 0:09:52]} 76. Rf2+ {[%clk 0:06:39]} Ke3 {[%clk 0:09:06]} 77. Ra2
{[%clk 0:06:50]} Kf4 {[%clk 0:07:27]} 78. Rf2+ {[%clk 0:07:15]} Kg5
{[%clk 0:07:54]} 1/2-1/2

[Event "WYCC Open U12"]
[Site "Porto Carras"]
[Date "2015.10.26"]
[Round "2.6"]
[White "Isanzhulov, Arystan"]
[Black "Gavrilescu, David"]
[Result "0-1"]
[BlackElo "2208"]
[WhiteElo "1956"]
[LiveChessVersion "1.4.6"]

1. e4 {[%clk 1:30:57]} c5 {[%clk 1:30:52]} 2. Nf3 {[%clk 1:31:11]} a6
{[%clk 1:30:51]} 3. c3 {[%clk 1:31:31]} e6 {[%clk 1:30:19]} 4. d4
{[%clk 1:31:43]} d5 {[%clk 1:30:25]} 5. e5 {[%clk 1:30:49]} Bd7 {[%clk 1:30:20]}
6. Bd3 {[%clk 1:28:02]} Nc6 {[%clk 1:29:22]} 7. a3 {[%clk 1:28:15]} Qb6
{[%clk 1:29:01]} 8. Bc2 {[%clk 1:28:25]} Rc8 {[%clk 1:28:12]} 9. h4
{[%clk 1:20:27]} f6 {[%clk 1:15:16]} 10. g3 {[%clk 1:14:28]} cxd4
{[%clk 1:06:07]} 11. cxd4 {[%clk 1:14:46]} Nxd4 {[%clk 1:03:19]} 12. Nxd4
{[%clk 1:10:02]} Bc5 {[%clk 1:02:46]} 13. Be3 {[%clk 0:32:15]} Qxb2
{[%clk 0:57:19]} 14. O-O {[%clk 0:23:43]} Bxd4 {[%clk 0:47:05]} 15. Bxd4
{[%clk 0:21:39]} Qxc2 {[%clk 0:47:11]} 16. Qf3 {[%clk 0:21:41]} Qg6
{[%clk 0:36:32]} 17. Nd2 {[%clk 0:14:03]} fxe5 {[%clk 0:31:10]} 18. Bxe5
{[%clk 0:13:50]} Nf6 {[%clk 0:31:32]} 19. Bd6 {[%clk 0:12:52]} Rc6
{[%clk 0:24:49]} 20. Qf4 {[%clk 0:12:50]} Qg4 {[%clk 0:21:09]} 21. Qe5
{[%clk 0:12:18]} Kf7 {[%clk 0:15:57]} 22. Rab1 {[%clk 0:08:22]} b5
{[%clk 0:14:30]} 23. Rfe1 {[%clk 0:06:59]} Re8 {[%clk 0:12:09]} 24. Rb4
{[%clk 0:05:44]} Qf5 {[%clk 0:11:11]} 25. Rf4 {[%clk 0:06:00]} Qxe5
{[%clk 0:11:31]} 26. Bxe5 {[%clk 0:06:28]} Ke7 {[%clk 0:10:03]} 27. Nf3
{[%clk 0:06:14]} Rc4 {[%clk 0:09:37]} 28. Nd4 {[%clk 0:06:21]} Ra4
{[%clk 0:07:59]} 29. Re3 {[%clk 0:06:26]} h5 {[%clk 0:07:09]} 30. f3
{[%clk 0:05:25]} Rc8 {[%clk 0:06:51]} 31. Kg2 {[%clk 0:04:48]} Rcc4
{[%clk 0:06:03]} 32. Rd3 {[%clk 0:03:19]} Be8 {[%clk 0:06:00]} 33. g4
{[%clk 0:02:56]} hxg4 {[%clk 0:06:06]} 34. fxg4 {[%clk 0:03:19]} Bg6
{[%clk 0:06:25]} 35. Rd1 {[%clk 0:01:38]} Rxa3 {[%clk 0:05:43]} 36. Rdf1
{[%clk 0:01:33]} Be4+ {[%clk 0:05:37]} 37. Kh2 {[%clk 0:01:36]} Ra2+
{[%clk 0:05:42]} 38. Kg3 {[%clk 0:01:01]} Rc3+ {[%clk 0:01:33]} 39. Nf3
{[%clk 0:01:27]} Re3 {[%clk 0:01:33]} 40. Bd4 {[%clk 0:31:22]} Rd3
{[%clk 0:31:04]} 41. h5 {[%clk 0:26:27]} Nd7 {[%clk 0:27:41]} 42. Kh4
{[%clk 0:25:39]} Bxf3 {[%clk 0:26:25]} 43. Bxg7 {[%clk 0:24:50]} Be4
{[%clk 0:25:07]} 44. Kg5 {[%clk 0:24:42]} Rh2 {[%clk 0:24:22]} 45. Kh6
{[%clk 0:23:29]} b4 {[%clk 0:24:14]} 46. Rf7+ {[%clk 0:23:15]} Kd6
{[%clk 0:24:31]} 47. Rc1 {[%clk 0:22:05]} b3 {[%clk 0:23:01]} 48. Rc8
{[%clk 0:22:14]} d4 {[%clk 0:23:09]} 49. Rf1 {[%clk 0:16:05]} b2 {[%clk 0:23:05]}
50. Rc4 {[%clk 0:16:10]} e5 {[%clk 0:20:57]} 51. Ra4 {[%clk 0:16:08]} Rf3
{[%clk 0:20:40]} 52. Rxa6+ {[%clk 0:15:58]} Ke7 {[%clk 0:21:00]} 53. Re1
{[%clk 0:15:37]} b1=Q {[%clk 0:21:21]} 54. Rxb1 {[%clk 0:16:05]} Bxb1
{[%clk 0:21:44]} 55. Ra5 {[%clk 0:15:26]} d3 {[%clk 0:21:59]} 56. g5
{[%clk 0:14:55]} d2 {[%clk 0:21:55]} 57. Bf6+ {[%clk 0:15:11]} Nxf6
{[%clk 0:22:16]} 58. gxf6+ {[%clk 0:15:27]} Rxf6+ {[%clk 0:22:37]} 59. Kg7
{[%clk 0:15:45]} Rg2+ {[%clk 0:23:03]} 0-1

[Event "WYCC Open U12"]
[Site "Porto Carras"]
[Date "2015.10.26"]
[Round "2.7"]
[White "Ognean, Mihnea-Ionut"]
[Black "Kacharava, Nikolozi"]
[Result "0-1"]
[BlackElo "1956"]
[WhiteElo "2195"]
[LiveChessVersion "1.4.6"]

1. e4 {[%clk 1:30:57]} c5 {[%clk 1:30:54]} 2. c3 {[%clk 1:31:07]} Nf6
{[%clk 1:31:16]} 3. e5 {[%clk 1:31:31]} Nd5 {[%clk 1:31:37]} 4. d4
{[%clk 1:31:51]} cxd4 {[%clk 1:32:00]} 5. Nf3 {[%clk 1:31:37]} Nc6
{[%clk 1:32:16]} 6. cxd4 {[%clk 1:31:37]} d6 {[%clk 1:32:32]} 7. Bc4
{[%clk 1:31:18]} e6 {[%clk 1:32:54]} 8. O-O {[%clk 1:31:41]} Be7 {[%clk 1:32:17]}
9. Qe2 {[%clk 1:31:14]} O-O {[%clk 1:31:50]} 10. Nc3 {[%clk 1:31:12]} Ncb4
{[%clk 1:20:35]} 11. Bd2 {[%clk 1:03:39]} Nxc3 {[%clk 1:08:52]} 12. bxc3
{[%clk 0:57:31]} Nd5 {[%clk 1:02:29]} 13. Bd3 {[%clk 0:51:40]} Nb6
{[%clk 0:54:58]} 14. Qe4 {[%clk 0:50:04]} g6 {[%clk 0:55:04]} 15. Bh6
{[%clk 0:49:18]} Re8 {[%clk 0:51:10]} 16. h4 {[%clk 0:48:59]} dxe5
{[%clk 0:38:19]} 17. dxe5 {[%clk 0:48:31]} Qc7 {[%clk 0:31:15]} 18. c4
{[%clk 0:34:10]} Bd7 {[%clk 0:23:17]} 19. Qf4 {[%clk 0:32:09]} Red8
{[%clk 0:21:31]} 20. Rad1 {[%clk 0:23:38]} Be8 {[%clk 0:16:56]} 21. h5
{[%clk 0:17:54]} Nd7 {[%clk 0:16:11]} 22. hxg6 {[%clk 0:13:22]} hxg6
{[%clk 0:13:56]} 23. Rde1 {[%clk 0:09:30]} Nb6 {[%clk 0:12:58]} 24. Re3
{[%clk 0:09:41]} Qc5 {[%clk 0:08:49]} 25. Ng5 {[%clk 0:09:02]} Qd4
{[%clk 0:08:32]} 26. Ne4 {[%clk 0:09:23]} Nd7 {[%clk 0:08:47]} 27. Bg7
{[%clk 0:02:11]} Kxg7 {[%clk 0:07:47]} 28. Rh3 {[%clk 0:02:37]} Qxe5
{[%clk 0:07:49]} 29. Qh6+ {[%clk 0:02:41]} Kg8 {[%clk 0:08:18]} 30. Qh7+
{[%clk 0:02:10]} Kf8 {[%clk 0:08:47]} 31. Rf3 {[%clk 0:00:58]} Qg7
{[%clk 0:08:08]} 32. Qh3 {[%clk 0:01:05]} Ne5 {[%clk 0:07:44]} 33. Re3
{[%clk 0:01:13]} Rxd3 {[%clk 0:07:37]} 34. Rxd3 {[%clk 0:01:37]} Nxd3
{[%clk 0:08:03]} 0-1